000 00665nam a2200253Ia 4500
003 OSt
005 20221007065653.0
006 a|||||r|||| 00| 0
007 ta
008 221006b |||||||| |||| 00| 0 eng d
024 _a7,627
037 _cTextual
040 _aFLL
_cFLL
_beng
041 _2eng
_aeng
082 _aV2:91:9Z, P1
100 _aTewari O.P.
_9687037
245 0 _aLaw of elections in India
250 _a1st
260 _aFaridabad
_bAllahabad Law Agency India
_c2001
300 _axii,132p
_ccm.
650 _aLaw of elections
_9687076
942 _hV2:91:9Z, P1
_cTEXL
_2CC
999 _c1137977
_d1137977